Sýrska kríza ako medzník vytvárania multipolarity moci vo svetovej politike v 21. storočí
Súvislosti a dôsledky sýrskej krízy, ktoré sa interpretujú ako medzník v procese utvárania multipolarity moci v súčasnej svetovej politike.
Salvato in:
| Autore principale: | |
|---|---|
| Natura: | Capitolo di libro |
| Lingua: | slovacco |
| Soggetti: | |
| Tags: |
Nessun Tag, puoi essere il primo ad aggiungerne!!
|
MARC
| LEADER | 00000nla a2200000 4500 | ||
|---|---|---|---|
| 001 | 0183870 | ||
| 005 | 20240502073140.9 | ||
| 041 | 0 | |a slo | |
| 044 | |a SK | ||
| 245 | 1 | 0 | |a Sýrska kríza ako medzník vytvárania multipolarity moci vo svetovej politike v 21. storočí |c František Škvrnda |
| 520 | |a Súvislosti a dôsledky sýrskej krízy, ktoré sa interpretujú ako medzník v procese utvárania multipolarity moci v súčasnej svetovej politike. | ||
| 610 | 2 | 0 | |a Sýria |
| 610 | 2 | 0 | |a vzťahy medzinárodné |
| 610 | 2 | 0 | |a politika svetová |
| 610 | 2 | 0 | |a politika zahraničná |
| 610 | 2 | 0 | |a vzťahy politické medzinárodné |
| 100 | 1 | |a Škvrnda, František | |